004460000a220010900045001000021000002450106000213000047001277730047001749420008002219520090002299990017003191 aJacobs, Mignon R10aThe conceptual dynamics of good and evil in the Joseph story : An exegetical and hermenutical inquiry aVol. 27, Núm 3 (2003), Páginas 307-3380 tJournal for the Study of the Old Testament cANA 001040708HEMaFUSBCbFUSBCd2016-01-26l0o r2016-01-26 00:00:00w2016-01-26yANA c54976d54976